• 首页
  • 本馆介绍
  • 公告通知
  • 最新文献
  • 馆藏检索
  • 电子资源
  • 读者导购
  • 参考咨询
  • 我的图书馆
  • 登录
  • 详细信息显示
  • 放入我的书架
  • 预约/预借图书
  • 作者相关作品
  • 分类相关作品
  • 丛书相关作品
  • 出版社相关作品

书目信息

  • 表格格式
  • 工作单格式
  • 卡片格式
题名:
做小事成就大梦想
    
 
作者: 梁国胜 , 周建松 主编
分册:  
出版信息: 北京   光明日报出版社  2018
页数: 320页
开本: 17cm
丛书名:
单 册:
中图分类: G647.12-53 , I267
科图分类:
主题词: 高等职业教育--校长--演讲--中国--选集
电子资源:
ISBN: 978-7-5194-3788-6
000 01159nam0 2200253 45
001 012001001091
005 20131026090029.0
010    @a978-7-5194-3788-6@dCNY50.00
100    @a20181030d2017 em y0chiy0110 ea
101 0  @achi
102    @aCN@b110000
105    @ay z 000yy
106    @ar
200 1  @a做小事成就大梦想@9zuo xiao shi cheng jiu da meng xiang@f梁国胜,周建松主编
210    @a北京@c光明日报出版社@d2018
215    @a320页@d17cm
330    @a本书是国内第一本收录高等职业教育院校校长(书记)在开学典礼上的期盼与寄望的书。各高职院校校长(书记)在典礼上介绍了各学校的发展历史、学生的精神风貌,对刚进入大学校门的学子给出了在校期间学习、生活的建议与指导,他们希望众学子在学校不仅能学到实用的技能,而且能勤学苦练、锤炼意志,健全人格,争取一踏出校门就能适应社会的生活与节奏。对于广大的高等职业教育人士来说,它更是一本不可多得的育人教材,值得每一位高等职业教育人士细细品读。
606 0  @a高等职业教育@x校长@x演讲@y中国@j选集
690    @aG647.12-53@v5
690    @aI267@v5
701  0 @a梁国胜@9liang guo sheng@4主编
701  0 @a周建松@9zhou jian song@4主编
801  0 @aCN@b上海新华@c20191020
905    @b1222509-12@dG647.12-53@e1542@f4
    
    做小事成就大梦想/梁国胜,周建松主编.-北京:光明日报出版社,2018
    320页;17cm
    
    
    ISBN 978-7-5194-3788-6:CNY50.00
    本书是国内第一本收录高等职业教育院校校长(书记)在开学典礼上的期盼与寄望的书。各高职院校校长(书记)在典礼上介绍了各学校的发展历史、学生的精神风貌,对刚进入大学校门的学子给出了在校期间学习、生活的建议与指导,他们希望众学子在学校不仅能学到实用的技能,而且能勤学苦练、锤炼意志,健全人格,争取一踏出校门就能适应社会的生活与节奏。对于广大的高等职业教育人士来说,它更是一本不可多得的育人教材,值得每一位高等职业教育人士细细品读。
●
相关链接 在E读中查询图书 在五车中查询图书 在当当中查询图书 在豆瓣中查询图书


正题名:做小事成就大梦想     索取号:G647.12-53/1542         预约/预借

序号 登录号 条形码 馆藏地/架位号 状态 备注
1 1222509   212225091   第一样本阅览室/ [索取号:G647.12-53/1542] 在馆    
2 1222510   212225108   教育系资料室/ [索取号:G647.12-53/1542] 在馆    
3 1222511   212225117   教育系资料室/ [索取号:G647.12-53/1542] 在馆    
4 1222512   212225126   第四借阅区/ [索取号:G647.12-53/1542] 在馆    
唐山师范学院图书馆 欢迎您!
大连网信软件有限公司© 版权所有